| 000 | 00393nam a22001337a 4500 | ||
|---|---|---|---|
| 999 |
_c510698 _d510698 |
||
| 008 | 190829b ||||| |||| 00| 0 eng d | ||
| 100 |
_aDutta, Ritwick _99124 |
||
| 245 | _aReintroduction of the Asiatic Lion: precedence of politics over rule of law | ||
| 260 | _c2019 | ||
| 300 | _ap.13-16. | ||
| 773 | _aEconomic and Political Weekly | ||
| 906 | _aWildlife conservation | ||
| 942 |
_2ddc _cAR |
||